| 000 | 00493nam a2200181Ia 4500 | ||
|---|---|---|---|
| 005 | 20250508150331.0 | ||
| 008 | 008 250505s9999 xx 000 0 eng d | ||
| 037 | _aTextual | ||
| 040 |
_aFEDL _beng _cFEDL |
||
| 041 |
_aeng _2eng |
||
| 084 |
_a155.4, SUT _qFEDL |
||
| 100 |
_aSutherland Robert _9134130 |
||
| 245 | 0 | _aComing Generation | |
| 260 |
_aWorcester, UK _bLittlebury and Company Ltd. |
||
| 300 | _a120p. | ||
| 942 |
_cTEXL _h155.4, SUT |
||
| 999 |
_c1323057 _d1323057 |
||